000 00625nam a2200193Ia 4500
003 GCL
008 140319s9999 xx 000 0 ara d
040 _aGCL /
_cGCL
082 0 4 _a133.54
_bم ب
100 1 _aمجموعة من الفلكيين المتخصصين
245 1 0 _aبرج الحوت /
_cمجموعة من الفلكيين المتخصصين
260 _aبيروت :
_bدار الراتب الجامعية ،
_c1994
300 _a159 ص ؛
_c19 سم
490 _aيوميات الابراج
_v0
650 0 4 _aالابراج
650 0 4 _aالتنجيم
650 0 4 _aبرج الحوت
942 _2ddc
_cBK
999 _c56079
_d56079